000 00706nam a2200289Ia 4500
005 20260324132043.0
008 008 260324s9999 xx 000 0 eng d
020 _a9780429113840
037 _aEBOOK
040 _aCRL
040 _beng
040 _cCRL
041 _2eng
041 _aeng
084 _qCRL
100 _aAndrew McPherson; Anilkumar G. Gaonkar
_91187858
245 0 _aIngredient Interactions
245 0 _bEffects on Food Quality, Second Edition
260 _bTaylor and Francis
260 _c2005
365 _a
365 _b465
856 _uhttp://www.taylorfrancis.com/books/9780429113840
942 _cEBOOK
999 _c1785562
_d1785562